Sudden Death - Nachbarländer der Elfenbeinküste - Statistiken

Allgemein
  • Dieses Quiz wurde 16 mal gespielt
  • Das Durchschnittsergebnis liegt bei 4 aus 6
Answers on the Grid
Answers color-coded by a green-red scale on the quiz's grid according to % correct below.
Elfenbeinküste🇨🇮
Ghana🇬🇭
Liberia🇱🇷
Guinea🇬🇳
Mali🇲🇱
Burkina Faso🇧🇫
Togo🇹🇬
Benin🇧🇯
Nigeria🇳🇬
Niger🇳🇪
Sierra Leone🇸🇱
Guinea-Bissau🇬🇼
Gambia🇬🇲
Senegal🇸🇳
Mauretanien🇲🇷
Tschad🇹🇩
Kamerun🇨🇲
Äquatorialguinea🇬🇶
Gabun🇬🇦
Algerien🇩🇿
 
Antwortstatistiken
Antwort % Korrekt
Elfenbeinküste🇨🇮
85%
Ghana🇬🇭
77%
Burkina Faso🇧🇫
69%
Liberia🇱🇷
69%
Guinea🇬🇳
46%
Mali🇲🇱
23%
Keine übereinstimmenden Quizze gefunden
Verteilung der Resultate
Anzahl Personen mit jedem Resultat
Perzentil nach korrekt beantworteten Fragen
Ihre Resultats-Entwicklung
Sie haben dieses Quiz noch nicht gespielt